000 00795nam0a22002651 4500
001 rc\4309991
005 20250611153209.0
021 _aRU
_b[59-29071]
035 _a(NLR Aleph) 008259985
090 _a8390696
_c8390696
100 _a20130416d1959 |||y0rusy50 ca
101 0 _arus
102 _aRU
105 _aa z |||||
200 1 _aБлюстители морали
_e[Фельетоны]
_fРис. Б. Лео
210 _aМосква
_cПравда
_d1959
215 _a48 с.
_cил.
_d17
225 1 _aБиблиотека "Крокодила"
_v№ 10
700 1 _aВихрев
_bА.Е.
_f1926-
_gАлександр Ефимович
702 1 _aЛео
_bБ.
_4440
801 0 _aRU
_bNLR
_gpsbo
801 1 _aRU
_bELAR
_2rusmarc
852 _aNLR
_j59-2/1113
942 _cBOOK
980 _aNB